Normal view
MARC view
- Shahid, Mavrah
Entry Personal Name
001 - CONTROL NUMBER
- control field: 123865
003 - CONTROL NUMBER IDENTIFIER
- control field: NUST
005 - DATE AND TIME OF LATEST TRANSACTION
- control field: 20240627132441.0
008 - FIXED-LENGTH DATA ELEMENTS
- fixed length control field: 240627|| aca||aabn | a|a d
040 ## - CATALOGING SOURCE
- Original cataloging agency: NUST
- Transcribing agency: NUST
100 ## - HEADING--PERSONAL NAME
- Personal name: Shahid, Mavrah
670 ## - SOURCE DATA FOUND
- Source citation: Work cat.: (NUST): Shahid, Mavrah, Shadow Removal using Attention-based GANs/
